Statistics for Whitney Houston Charting Songs (Billboard Hot 100)

Click here to take the quiz!

General Stats

  • This quiz has been taken 30 times
  • The average score is 18 of 40

Answer Stats

AlbumWeeks OnPeakArtist(s)Song% Correct
The Bodyguard: Original Soundtrack Album29 Weeks#1 (14 Weeks)Whitney HoustonI Will Always Love You
100%
I'm Your Baby Tonight19 Weeks#1 (1 Week)Whitney HoustonI'm Your Baby Tonight
80%
The Bodyguard: Original Soundtrack Album20 Weeks#4Whitney HoustonI Have Nothing
72%
Whitney Houston22 Weeks#1 (1 Week)Whitney HoustonSaving All My Love For You
68%
Whitney Houston20 Weeks#1 (3 Weeks)Whitney HoustonGreatest Love of All
68%
My Love is Your Love28 Weeks#4Whitney HoustonMy Love is Your Love
64%
The Bodyguard: Original Soundtrack Album20 Weeks#31Whitney HoustonRun To You
64%
Whitney Houston24 Weeks#1 (2 Weeks)Whitney HoustonHow Will I Know
64%
Non-Album Single9 Weeks#63Kygo x Whitney HoustonHigher Love
64%
The Bodyguard: Original Soundtrack Album23 Weeks#4Whitney HoustonI'm Every Woman
60%
My Love is Your Love17 Weeks#15Whitney Houston & Mariah CareyWhen You Believe
60%
Whitney20 Weeks#1 (2 Weeks)Whitney HoustonI Wanna Dance with Somebody (Who Loves Me)
60%
1988 Summer Olympics Album17 Weeks#5Whitney HoustonOne Moment in Time
56%
I'm Your Baby Tonight23 Weeks#1 (2 Weeks)Whitney HoustonAll the Man That I Need
52%
My Love is Your Love28 Weeks#2Whitney Houston ft. Faith Evans & Kelly PriceHeartbreak Hotel
48%
Whitney17 Weeks#1 (2 Weeks)Whitney HoustonDidn't We Almost Have It All
48%
Whitney18 Weeks#1 (2 Weeks)Whitney HoustonWhere Do Broken Hearts Go
48%
I Look To You6 Weeks#70Whitney HoustonI Look To You
48%
My Love is Your Love20 Weeks#4Whitney HoustonIt's Not Right But It's Okay
48%
Whitney19 Weeks#1 (1 Week)Whitney HoustonSo Emotional
48%
Waiting to Exhale21 Weeks#1 (1 Week)Whitney HoustonExhale (Shoop Shoop)
44%
The Preacher's Wife17 Weeks#15Whitney HoustonStep by Step
40%
I'm Your Baby Tonight14 Weeks#9Whitney HoustonMiracle
40%
Just Whitney3 Weeks#96Whitney HoustonWhatchulookinat
36%
Waiting to Exhale20 Weeks#8Whitney Houston & CeCe WilliamsCount on Me
36%
I'm Your Baby Tonight10 Weeks#20Whitney HoustonMy Name is Not Susan
36%
Whitney16 Weeks#9Whitney HoustonLove Will Save the Day
36%
Whitney: The Greatest Hits27 Weeks#6Whitney HoustonThe Star-Spangled Banner
36%
I Look to You1 Week#100Whitney HoustonMillion Dollar Bill
36%
My Love is Your Love11 Weeks#27Whitney HoustonI Learned from the Best
32%
Whitney: The Greatest Hits19 Weeks#52Whitney Houston & Enrique IglesiasCould I Have This Kiss Forever
32%
The Preacher's Wife20 Weeks#4Whitney HoustonI Believe in You and Me
32%
Whitney Houston21 Weeks#3Whitney HoustonYou Give Good Love
32%
Whitney: The Greatest Hits9 Weeks#70Whitney Houston & Deborah CoxSame Script, Different Cast
24%
Just Whitney12 Weeks#84Whitney HoustonTry It On My Own
24%
Waiting to Exhale20 Weeks#26Whitney HoustonWhy Does It Hurt So Bad
16%
Through the Storm8 Weeks#41Aretha Franklin & Whitney HoustonIt Isn't, It Wasn't, It Ain't Never Gonna Be
16%
Love Language18 Weeks#46Teddy Pendergrass & Whitney HoustonHold Me
16%
Just Whitney19 Weeks#72Whitney HoustonOne of Those Days
16%
The Preacher's Wife4 Weeks#77Whitney HoustonMy Heart is Calling
4%

Score Distribution

Percentile by Number Answered

Percent of People with Each Score

Your Score History

You have not taken this quiz